Guess the 1960s song lyrics #307 - Statistics

General Stats
  • This quiz has been taken 15 times
  • The average score is 111 of 214
Answer Stats
Answer % Correct
I
100%
a
92%
in
92%
me
92%
the
92%
and
85%
And
85%
of
85%
then
85%
you
77%
are
69%
it
69%
It
69%
Will
69%
your
69%
like
62%
oh
62%
Oh
62%
So
62%
so
62%
This
62%
this
62%
to
62%
by
54%
By
54%
have
54%
hold
54%
look
54%
night
54%
that
54%
time
54%
Was
54%
close
46%
eyes
46%
kissed
46%
lips
46%
mine
46%
new
46%
too
46%
want
46%
end
38%
felt
38%
forever
38%
Forever
38%
happened
38%
knew
38%
last
38%
magic
38%
Magic
38%
moment
38%
other
38%
til
38%
Until
38%
any
31%
different
31%
surprise
31%
than
31%
tight
31%
took
31%
Whoa
31%
Everything
23%
everything
23%
Jay and the Americans
23%
Softer
23%
summer
23%
Sweeter
23%
Whenever
23%
wine
23%
While
15%
Whoa
0%
No matching quizzes found
Score Distribution
Percent of People with Each Score
Percentile by Number Answered
Your Score History
You have not taken this quiz